Manual de auditoría ambiental aplicada a una planta de tratamiento de agua potable
Kaydedildi:
| Yazar: | |
|---|---|
| Materyal Türü: | Kitap |
| Dil: | Undetermined |
| Baskı/Yayın Bilgisi: |
Guatemala
2006.
|
| Konular: | |
| Etiketler: |
Etiketle
Etiket eklenmemiş, İlk siz ekleyin!
|
MARC
| LEADER | 00000nam a2200000Ia 4500 | ||
|---|---|---|---|
| 003 | 000444 | ||
| 005 | 20221231144024.0 | ||
| 008 | 140114s9999 xx 000 0 und d | ||
| 040 | |c cru CEDI | ||
| 082 | |a 628.162.097.281 A683m | ||
| 100 | |a Arévalo Zamora, Armando Efrain |9 18836 | ||
| 245 | |a Manual de auditoría ambiental aplicada a una planta de tratamiento de agua potable | ||
| 260 | |a Guatemala |c 2006. | ||
| 300 | |a vi, 99, [43] páginas : ilustraciones, planos | ||
| 500 | |a Tesis (Magíster Artium en Auditoría gubernamental). Universidad Marino Gálvez de Guatemala. Facultad de Ciencias Económicas. | ||
| 650 | |x PLANTAS PARA TRATAMIENTO DE AGUA |x AGUA POTABLE |x GUATEMALA |x AUDITORIA AMBIENTAL |x ASPECTOS AMBIENTALES |x GESTION AMBIENTAL |x CONTROL AMBIENTAL |9 18837 | ||
| 942 | |2 ddc |c BK | ||
| 999 | |c 15728 |d 15728 | ||
